Estadísticas para Formas de Países Pixelados #1

Haz click aquí para intentar la prueba.

Estadísticas generales

  • Esta prueba ha sido intentada 2.590 veces
  • La puntuación promedio es 12 de 15

Estadísticas de respuestas

País% Correcto
Italia
99%
Australia
97%
España
95%
Japón
93%
Croacia
87%
Chile
86%
Vietnam
86%
Somalia
75%
Malí
74%
Papua Nueva Guinea
74%
Sri Lanka
71%
Panamá
65%
R.D. Congo
65%
Pakistán
59%
Corea del Sur
37%

Distribución de puntuación

Porcentaje por número respondido

Porcentaje de gente con cada puntuación

Historial de tus puntuaciones

No has intentado esta prueba.